000 00736cam a2200265 4500
008 000000n2000 000 0 eng u
020 _a0863421245
035 _a(Sirsi) u110099
050 _a711.520943
100 _aStrambach, Simone
245 _aInnovation and the innovation potential of the Stuttgart region: Redefining competitiveness of an industrial region.
260 _aOxford
_bOxford Brookes University
_c2000
300 _a25p. ; 30cm.
350 _a8.00
490 _aWorking Paper
_vNo.187
650 _aSTUTTGART
650 _aGERMANY
650 _aECONOMIC GROWTH
650 _aECONOMY
650 _aEUROPE
650 _aINDUSTRY
650 _aPLANNING
690 _aECONOMIC ISSUES
942 _n0
999 _c101049
_d101049